| 000 | 00404nam a2200145Ia 4500 | ||
|---|---|---|---|
| 008 | 100415s9999 xx 000 0 und d | ||
| 082 |
_b13181 _a575.5(5475) |
||
| 100 | _aRAJ, P.A. | ||
| 245 | _aFacts : Sardar Sarovar Projerct | ||
| 260 |
_aGANDHINAGAR _c1990 _bRavindra Bhatt |
||
| 365 | _b0 | ||
| 630 | _aFacts : Sardar Sarovar Projerct | ||
| 730 | _aFacts : Sardar Sarovar Projerct | ||
| 942 | _cBOOK | ||
| 999 |
_c596097 _d596094 |
||